000 00340nam a2200133Ia 4500
008 240624s9999 xx 000 0 und d
041 _aeng
082 _a823 SHA
100 _aSHARMA ROBIN S
245 _aMONK WHO SOLD HIS FERRARI A FABLE ABOUT
260 _c2005
_aMumbai
_bJaico Publishing House
300 _a198 : cm. ; 24
365 _cRS
999 _c2332
_d2332